000 00341nam a2200133Ia 4500
008 191201s2004 xx 000 0 und d
100 _aHAWKINS, Barrie
245 4 _aThe Sunday Times How to Generate Great Ideas
250 _a1st
260 _aN.Delhi
_bKogan Page India
_c2004
300 _a100
650 _aGeneral Books
942 _2ddc
_cBK
999 _c2118
_d2118